000 00937nas a2200277 4500
001 BR9904310
003 BR-BrBNA
005 20231205101556.0
007 ta
008 230509b bl.|||p| |||| 00| 00por d
040 _aBR-BrBNA
_bpor
_cBiblioteca Nacional de Agricultura
041 _a(Pt)
072 _aL51
100 1 _aLopes, F.C.F.
100 1 _aAroeira, L.J.M.
245 1 _aConsumo, digestibilidade e degradabilidade do capim-elefante (Pennisetum purpureum, Schum)picado e seu efeito sobre caracteristicas do rumen em vacas mesticas
650 _aVaca Leiteira
650 _aCapim Elefante
650 _aDigestibilidade
650 _aRumen
650 _aAbsorcao de Nutrientes
650 _aMinas Gerais
773 0 _tArquivo Brasileiro de Medicina Veterinaria e Zootecnia (Brazil)
_xISSN 0102-0935
_g(Oct 1998), v. 50(5) p. 593-599
_wBR9904310
909 _a202311
_bLúcia
_c55
_dLúcia Elande
942 _2AGRIS
_n0
_cANA
999 _c162629
_d162629